MARC

LEADER 00000nam0a2200000 4500
001 250883
005 20231031213327.0
010 |a 5239001782 
020 |a RU  |b 89-16500 
035 |a (RuTPU)RU\TPU\book\273119 
090 |a 250883 
100 |a 20140217d1989 m y0rusy5003 ca 
101 0 |a rus 
102 |a RU 
105 |a a z 001zy 
200 1 |a Гоголевский бульвар, 14  |f Ю. Н. Шабуров 
210 |a Москва  |c Московский рабочий  |d 1989 
215 |a 78 с.  |c ил. 
225 1 |a Биография Московского дома 
320 |a Библиогр.: с. 78-79 
606 1 |a Москва, г.  |x Памятники  |2 stltpush  |3 (RuTPU)RU\TPU\subj\67069 
610 1 |a архитектурные памятники 
610 1 |a шахматные клубы 
610 1 |a история 
610 1 |a русская культура 
610 1 |a деятели 
610 1 |a государственные учреждения 
686 |a Т3(2-2М)  |2 rubbk 
700 1 |a Шабуров  |b Ю. Н.  |g Юрий Николаевич  |4 070 
801 0 |a RU  |b RuMRKP  |c 19950417  |g psbo 
801 1 |a RU  |b 63413507  |c 20140217 
801 2 |a RU  |b 63413507  |c 20160627  |g RCR 
942 |c BK